00638nam a2200133 4500008001400000020001800014082001900032100003900051245002200090260004200112300003300154505021900187650009800406779.092 R788n a9786188293816 a779.092bR788n aAlexandropoulou, Electra (editora) aNo Direction Home aGreciabRosa-Luxemburg-Stiftungc2016 a160 p.bil (col)c26 x 20 cm tSaving the present from amnesia rElectra AlexandropouloutSyriatKobani - Suruc tIslandstPiraeustAtticatSquatstCamps in nothern Greece tTo the borders tIdomeni tBalkan route tCalaistPhoto indextSources  xarte contemporáneo xSiria - guerra civilxrefugiados - fotografía xGrecia - refugiados